BASIC SCIENCE-PHYSICS (Record no. 35958)
[ view plain ]
| 000 -LEADER | |
|---|---|
| fixed length control field | 00397nam a22001457a 4500 |
| 003 - CONTROL NUMBER IDENTIFIER | |
| control field | OSt |
| 005 - DATE AND TIME OF LATEST TRANSACTION | |
| control field | 20230914121136.0 |
| 008 - FIXED-LENGTH DATA ELEMENTS--GENERAL INFORMATION | |
| fixed length control field | 230914b |||||||| |||| 00| 0 eng d |
| 020 ## - INTERNATIONAL STANDARD BOOK NUMBER | |
| International Standard Book Number | 9789355854513 |
| 040 ## - CATALOGING SOURCE | |
| Transcribing agency | COMPLIMENTARY |
| 082 ## - DEWEY DECIMAL CLASSIFICATION NUMBER | |
| Edition number | I |
| Classification number | 530.41 |
| Item number | 530.41/VHA |
| 245 ## - TITLE STATEMENT | |
| Title | BASIC SCIENCE-PHYSICS |
| Statement of responsibility, etc. | VHANKHANDE BALASAHEB |
| Medium | ENGLISH |
| 260 ## - PUBLICATION, DISTRIBUTION, ETC. | |
| Place of publication, distribution, etc. | PUNE |
| Name of publisher, distributor, etc. | TECHNICAL PUBLICATION |
| Date of publication, distribution, etc. | 2023 |
| 942 ## - ADDED ENTRY ELEMENTS (KOHA) | |
| Source of classification or shelving scheme | Dewey Decimal Classification |
| Koha item type | BOOK |
| Suppress in OPAC | No |
| Withdrawn status | Lost status | Source of classification or shelving scheme | Damaged status | Not for loan | Collection | Home library | Current library | Date acquired | Source of acquisition | Total Checkouts | Barcode | Date last seen | Date last checked out | Price effective from | Koha item type |
|---|---|---|---|---|---|---|---|---|---|---|---|---|---|---|---|
| Dewey Decimal Classification | AGNEL TECHNICAL COLLEGE LIBRARY | Fr. Agnel's C.Rodrigues College of Engineering | 14/09/2023 | COMPLIMENTARY | 1 | AFT8313 | 03/04/2024 | 26/03/2024 | 14/09/2023 | BOOK | |||||
| Dewey Decimal Classification | AFT | AGNEL TECHNICAL COLLEGE LIBRARY | Fr. Agnel's C.Rodrigues- College of Engineering | 14/09/2023 | COMPLIMENTARY | 1 | AFT8312 | 14/09/2023 | 14/09/2023 | 14/09/2023 | BOOK |